Statistics for Roblox - Flee The Facility

Click here to take the quiz!

General Stats

  • This quiz has been taken 144 times
    (109 since last reset)
  • The average score is 5 of 8

Answer Stats

QuestionAnswer% Correct
Who made Airport?deadlybones28
85%
Who is NOT a developer of FTF?SonicTheHedgehog
83%
Who is the lead developer of Flee The Facility?MrWindy
75%
Who made Homestead?MrWindy
68%
What is the (first) map removed from Flee The Facility?Abandoned Facility
64%
What was the (first) map removed, replaced with?Forgotten Facility / Abandoned Facility Remake
64%
Who made Forgotten Facility?Kmart
43%
How late was the 5th Anniversary update?4 Month
30%

Score Distribution

Percentile by Number Answered

Percent of People with Each Score

Your Score History

You have not taken this quiz since the last reset